000 00388nam a2200157Ia 4500
008 230711s9999||||xx |||||||||||||| ||und||
041 _aENG
082 _a624
_bKA-W
100 _aKatzenbach,Jon R
245 4 _aThe wisdom of teams
250 _a1st Ed.
260 _c1993
_aNew Delhi
_bHarvard Business Review Press
650 _aArchitecture
700 _aSmith,Douglas K
942 _cBK
999 _c2640
_d2640